Quizzes
Events
Quiz Creation
Community
Videos
Private Events
Remove Ads
Sign In
Join for FREE
Feedback
Dark Mode
Quiz Categories
Sports
Geography
Music
Movies
Television
Just For Fun
Miscellaneous
History
Literature
Language
Science
Gaming
Entertainment
Religion
Holiday
For Kids
Quiz Lab
Recent
Popular Today
Quiz Kudos Today
Editor Picks
Curator Picks
Quizzes by...
Day
Popularity
Type
Ratings
Length
Year
Community
Subscriptions
Recent Discussions
Orange Saloon
Badges
Playlists
Quests
Create
Leaderboards
Showdown
Live 5
Trivia Bingo
Activity
Puzzle Library
Sporcle Events
Private Events
Virtual Trivia
Globe League
Become a Host
Pub Owners
SporcleCon
Opinionation
Our Games
Videos
Blog
Mobile Apps
Partnerships
Remove Ads and Go Orange
Feedback
Gaming
Video Games
Board Games
Card Games
Pokémon
Mario
Nintendo
Minecraft
Console
Toys
Legend of Zelda
Gaming
Video Games
Board Games
Card Games
Pokémon
Mario
Nintendo
Minecraft
Console
Toys
Legend of Zelda
Random Quiz
Search Sporcle
×
Quiz Lab
Quiz Lab
Gaming
Nation
Type in answers that appear in a list
Type in answers that appear in a list
Classic
Best Score? Go Orange.
Age of Empires II Unique Units Stats
Can you name the unique unit(s) for the civilizations from 'Age of Empires II: The Conquerors'?
By
GameLink
4m
21 Questions
340 Plays
340 Plays
340 Plays
Comments
Comments
Give Quiz Kudos
Give Quiz Kudos
-
- Ratings
hide this ad
More Info
Replay
Link that replays current quiz
Next Quiz
Link to next quiz in quiz playlist
You Got
0%
They Got
Avg Score
70%
Avg Friend Score
Upgrade to see
Score Distribution
Jump to the score distribution portion of the page
Score
0/21
Timer
04:00
0
Plays Today
Civilization
Unique Unit
% Correct
Britons
Longbowman
93.2%
Aztecs
Jaguar Warrior
86.5%
Japanese
Samurai
83.5%
Teutons
Teutonic Knight
83.5%
Persians
War Elephant
82.6%
Byzantines
Cataphract
79.7%
Koreans (Naval)
Turtle Ship
77.6%
Spanish (Cavalry)
Conquistador
75.6%
Franks
Throwing Axeman
74.7%
Celts
Woad Raider
73.2%
Turks
Janissary
70%
Civilization
Unique Unit
% Correct
Vikings (Naval)
Longboat
69.1%
Vikings (Infantry)
Berserk
68.2%
Goths
Huskarl
66.2%
Koreans (Cavalry)
War Wagon
65%
Spanish (Cavalry)
Missionary
64.7%
Saracens
Mameluke
61.2%
Mongols
Mangudai
60.9%
Mayans
Plumed Archer
60.6%
Huns
Tarkan
55.6%
Chinese
Cho Ko Nu
35.3%
Quiz Playlist
Details
Report
Send in Message
Add To Playlist
More Info:
For civilizations with more than one unique unit, there are multiple listings.
Classic:
Type in answers that appear in a list
Last Updated: Feb 16, 2017
Quiz Scoreboard
CHALLENGE
Sign Up to Join the Scoreboard
Show All
Scores
Hide
Comments
May contain spoilers
Recently Published
NBA Finals Game Top Scorers (2010s)
by flibbidy
Sports
5m
Guess the 'R' Things in 3 Words
by MSUKent
Miscellaneous
3m
Actor to Badly Drawn Movie III
by MoMosMoProblems
Movies
5m
More to Explore
Quiz From the Vault
Featured Blog Post
Where Does Lost Luggage Go?
hide this ad
You Might Also Like...
Tags
Nation Quiz
Age
Civilization
Conqueror
empire
Unique
unit
Today's Top Quizzes in Gaming
Browse Gaming
hide this ad
Today's Top Quizzes in Nation
Browse Nation
Top Contributed Quizzes in Gaming
1
Video Game Rainbow Blitz
2
Genshin Impact Logic Puzzle
3
Pokémon Gen IV Logic Puzzle (HARD)
4
Genshin Impact Logic Puzzle Quiz
5
Rainbow Six Siege Operators by Picture
6
Magic: the Gathering Set Symbols - LCI
7
Ordering Roman Numerals: Pokémon
8
St. Patrick's Pick: Gaming
9
Ultimate Genshin Impact Logic Puzzle (up to 4.3)
10
Wii Remote Buttons
Explore More
Trending Topics
Marvel
Kpop
Harry Potter
Disney
Crossword
NBA
Anime
The Office
Country
Soccer
Song
Puzzle
WWE
NFL
Pokémon
hide this ad
More By:
GameLink
Quiz
Plays
Rating
Category
Featured
Created
Age of Empires II Unique Units
340
2.75
Gaming
Feb 13, 2010
Heroclix Superhero Teams (Marvel)
229
3.75
Gaming
Feb 13, 2010
Go to Creator's Profile
Score Distribution
Quiz Creator Spotlight
GameLink
Follow
Send a Message
Quizzes Created
-
Created Quiz Play Count
-
More By This Creator
Popular Quizzes Today
1
Find the US States - No Outlines Minefield
2
Find the US States
3
The Countries of the World
4
10 Largest US States in Order
5
Find the Countries of Europe - No Outlines Minefield
6
US States
7
Guess the 'R' Things in 3 Words
8
NBA Finals Game Top Scorers (2010s)
More Gaming Quizzes
X-Men vs. Street Fighter Characters
Quiz Lab
Trending Quizzes
First Name TV: Leading Men
Match the Book to the Film II
First Name TV: Leading Women Drama
3-Word Movies in 1 Word II
Match the Book to the Film VI
Recently Updated
Women's Final Four Teams by Year
bhenderson79
Presidents Quartet II
eogle
Anything But Clue(do)
eogle
Anything But Oceanian Capitals
eogle
Anything But 7
eogle
Anything But Thing
eogle
Word Ladder: February 29
pecheneg
Song Title Questions
pecheneg
Women's NCAA Tournament #1 Seeds
pecheneg
Celebrity Mug Shots
pecheneg
Trending Topics
Harry Potter
Disney
Anime
Kpop
Marvel
Crossword
NBA
Country
Pokémon
The Office
NFL
Soccer
WWE
Puzzle
Song
Your Account Isn't Verified!
In order to create a playlist on Sporcle, you need to verify the email address you used during registration. Go to your
Sporcle Settings
to finish the process.
Report this User
Report this user for behavior that violates our
Community Guidelines
.
Details:
Send Report
Go to the Sporcle.com Mobile Site →
Comments